000 01168nam0a22002771 4500
001 rc\2153904
005 20110829174615.6
035 _a(NLR Aleph) 006636924
090 _a7609245
_c7609245
100 _a20110829d1979 |||y0rusy50 ca
101 0 _arus
102 _aRU
105 _aa z |||||
200 1 _aСовершенствование зональных почвозащитных технологий возделывания полевых культур
_e(Сб. науч. тр.)
_fМСХ СССР. ВАСХНИЛ, ВНИИ зернового хоз-ва
_g[Редкол.: к. с.-х. н. Э.Ф. Госсен и др.]
210 _aЦелиноград
_cВНИИЭХ
_d1979
215 _a161 с., 1 л. табл.
_cил.
_d21
320 _aБиблиогр. в конце работ
702 1 _aГоссен
_bЭ. Ф.
_4340
712 0 2 _aВНИИ зернового хозяйства
_cст. Шортанды, Целиногр. обл.
_3RU\NLR\AUTH\889918232
801 0 _aRU
_bNLR
_gpsbo
801 1 _aRU
_bELAR
_2rusmarc
852 _aNLR
_j80-3/8453
899 _aRuMoRGB
_jБ 80-26/119
899 _aRuMoRGB
_jБ 80-26/120
942 _cBOOK
980 _aNB